000 01782nam a2200385 i 4500
001 198202
003 ES-MaACL
005 20260527204913.0
007 ta
008 260406s2025 sp a|||| |||| 001 0 spa d
017 _aS 398-2025
_bOficina Depósito Legal Salamanca
020 _a978-84-1091-147-5
024 7 _a191-25-035-8
_qimpreso
_2nipo
024 7 _a191-25-034-2
_qPDF
_2nipo
040 _bspa
_cES-MaACL
080 _a929 Martín Gaite, Carmen (083.824)
080 _a821.134.2 Martín Gaite, Carmen 1.07(083.824)
245 0 0 _aCarmen Martín Gaite (1925-2025) :
_bun paradigma de mujer de letras /
_ccomisariado, José Teruel ; textos, José Teruel ; organizan, Biblioteca Nacional de España [y otros cuatro]
264 1 _aMadrid :
_bBiblioteca Nacional de España :
_bAcción Cultural Española ;
_aSalamanca :
_bEdiciones Universidad de Salamanca,
_c2025
264 4 _c©2025
300 _a239 páginas :
_bilustraciones, fotografías (blanco y negro y color) ;
_c24 cm
336 _2rdacontent
_aTexto
_aimagen fija
337 _2rdamedia
_asin mediación
338 _2rdacarrier
_avolumen
500 _aExposición: Biblioteca Nacional de España, Madrid, del 18 de diciembre de 2025 al 14 de junio de 2026
500 _aÍndice
600 1 4 _aMartín Gaite, Carmen,
_d1925-2000
_vExposiciones
_9242960
655 4 _aCatálogos de exposiciones
_9193628
700 1 _aTeruel Benavente, José
_4aut
_4orm
_9109812
_eaut
_eorm
710 2 _4his
_4isb
_aBiblioteca Nacional de España
_ehis
_eisb
_9234950
852 _aES-MaACL
_cDEPO1
_jA-16052
_hDonación: Jacobo Sanz Hermida, director de Ediciones Universidad de Salamanca
_xEncuadernación rústica
_9207185
942 _cMONOGRAFIA
_n0
999 _c198202
_d198202